[Event "Lansing (MI Op/6/10)"]
[Site "?"]
[Date "1997.??.??"]
[Round "?"]
[White "Smith, Mike A"]
[Black "LaForge, Tom"]
[Result "1/2-1/2"]
[WhiteElo "1945"]
[BlackElo "2010"]
[PlyCount "146"]
[EventDate "1997.??.??"]

{6/(10)} 1. e4 e6 2. d4 d5 3. exd5 exd5 4. Bd3 Nc6 5. Ne2 Bd6 6. c3 Nge7 7. Bf4
Bg4 8. f3 Bf5 9. O-O Qd7 10. Re1 O-O-O 11. Bxd6 Qxd6 12. Na3 Kb8 13. Nc2 h5 14.
Ng3 Bd7 15. Ne3 g6 16. Qd2 f5 17. Nc2 f4 18. Nf1 g5 19. Nb4 Rdg8 20. Nxc6+ Nxc6
21. Qc2 g4 22. Nd2 Rg5 23. Re2 h4 24. fxg4 Bxg4 25. Rf2 Rhg8 26. Nf3 Bxf3 27.
Rxf3 a6 28. Raf1 Qh6 29. h3 Rg3 30. Kh2 Rxf3 31. Rxf3 Rg3 32. Qf2 Rxf3 33. Qxf3
Ne7 34. Qg4 c6 35. Kg1 Nc8 36. Kf2 Nb6 37. b3 f3 38. Qxf3 Qd2+ 39. Be2 Qxa2 40.
b4 Qb2 41. Qf8+ Ka7 42. Qc5 Qd2 43. Kf1 Qg5 44. Bf3 Qd8 45. Kf2 Kb8 46. Qa5 Qc7
47. Kf1 Kc8 48. Kg1 Kd8 49. Kf1 Ke8 50. Kg1 Kf8 51. Be2 Kg7 52. c4 Na8 53. cxd5
Qxa5 54. bxa5 cxd5 55. Bf3 Nc7 56. Bg4 Nb5 57. Be6 Nxd4 58. Bxd5 Nc6 59. Bxc6
bxc6 60. Kf2 Kf6 61. g4 hxg3+ 62. Kxg3 Kg5 63. Kf3 Kh4 64. Ke4 Kxh3 65. Kd4 Kg4
66. Kc5 Kf5 67. Kxc6 Ke6 68. Kb7 Kd5 69. Kxa6 Kc6 70. Ka7 Kc7 71. Ka8 Kc8 72.
a6 Kc7 73. a7 Kc8 1/2-1/2

[Event "Lansing (MI Op/7/10)"]
[Site "?"]
[Date "1997.??.??"]
[Round "?"]
[White "Smith, Mike A"]
[Black "Jarosz, Stan"]
[Result "0-1"]
[WhiteElo "1945"]
[BlackElo "2040"]
[PlyCount "98"]
[EventDate "1997.??.??"]

{7/(10)} 1. e4 e6 2. d4 d5 3. exd5 exd5 4. Bd3 Nc6 5. Ne2 Bd6 6. O-O Qh4 7. g3
Qf6 8. c3 g5 9. f4 g4 10. f5 Nge7 11. Nf4 h5 12. Qe2 Kd8 13. Qg2 Bxf4 14. Bxf4
Nxd4 15. cxd4 Qxd4+ 16. Rf2 Qxd3 17. f6 Ng6 18. Rd2 Nxf4 19. Rxd3 Nxg2 20.
Rxd5+ Ke8 21. Kxg2 Be6 22. Rd2 Rd8 23. Rxd8+ Kxd8 24. Nc3 Rh6 25. Rf1 c6 26. a3
Kc7 27. Rf4 Kd6 28. Kf2 Ke5 29. Ne4 Bd5 30. Nc5 b6 31. Nd3+ Ke6 32. Ra4 a5 33.
Nf4+ Kd6 34. Ke3 Rxf6 35. Nxh5 Rh6 36. Nf4 Rxh2 37. Nxd5 Kxd5 38. Rxg4 Rxb2 39.
a4 Rb3+ 40. Kf2 Rb4 41. Rh4 Rxh4 42. gxh4 Ke5 43. Ke3 b5 44. axb5 cxb5 45. Kd3
Kf5 46. Kd4 Kg4 47. Kc5 b4 48. Kb5 b3 49. Kxa5 b2 0-1

[Event "Lansing (MI Op/4/20)"]
[Site "?"]
[Date "1997.??.??"]
[Round "?"]
[White "Smith, Mike A"]
[Black "Burke, Tim"]
[Result "1-0"]
[WhiteElo "1945"]
[BlackElo "1800"]
[PlyCount "77"]
[EventDate "1997.??.??"]

{4/(20)} 1. e4 c5 2. Nc3 Nc6 3. f4 d5 4. Nxd5 Be6 5. Bb5 Bxd5 6. exd5 Qxd5 7.
Nf3 c4 8. Bxc6+ Qxc6 9. O-O Nf6 10. d4 e6 11. Ne5 Qc7 12. f5 Bd6 13. fxe6 fxe6
14. Qe2 O-O 15. Qxc4 Qe7 16. Bg5 Rac8 17. Qd3 Bxe5 18. dxe5 Qc5+ 19. Qe3 Ng4
20. Qxc5 Rxc5 21. Be7 Rxf1+ 22. Rxf1 Rc8 23. Bd6 Ne3 24. Re1 Nxc2 25. Rc1 Rc6
26. Kf2 Kf7 27. Kg3 Ne3 28. Rxc6 bxc6 29. Kf3 Nc4 30. b4 Ke8 31. Kf4 Kd7 32.
Bf8 g6 33. Bc5 Nb6 34. Bxb6 axb6 35. Ke4 h6 36. Kd4 Kc7 37. a4 g5 38. Kc4 h5
39. a5 1-0

[Event "Tecumseh (RVO/1/25)"]
[Site "?"]
[Date "1997.??.??"]
[Round "?"]
[White "Smeckert, Dennis"]
[Black "Williams, Christopher"]
[Result "1-0"]
[WhiteElo "1605"]
[BlackElo "1605"]
[PlyCount "71"]
[EventDate "1997.??.??"]

{1/(25)} 1. e4 e5 2. Nf3 Nc6 3. Bc4 Bc5 4. d3 Nf6 5. O-O O-O 6. a3 Na5 7. Ba2
d6 8. b4 Bb6 9. bxa5 Bxa5 10. Bd2 b6 11. Bxa5 bxa5 12. h3 Re8 13. Qd2 g5 14.
Nxg5 Rf8 15. Nc3 h6 16. Bxf7+ Rxf7 17. Nxf7 Kxf7 18. f4 Kg7 19. f5 Bb7 20. Rf3
Qe8 21. Rg3+ Kh7 22. Rg6 Qf8 23. Nb5 c6 24. Nxd6 Ba6 25. Nf7 Rb8 26. Rxh6+ Kg8
27. Qg5+ Kxf7 28. Rxf6+ Ke7 29. Rxf8+ Kxf8 30. f6 Rb2 31. Qg7+ Ke8 32. f7+ Ke7
33. f8=Q+ Ke6 34. Qgf6+ Kd7 35. Q8f7+ Kc8 36. Qh8# 1-0

[Event "Lansing (MOR/7/16)"]
[Site "?"]
[Date "1997.??.??"]
[Round "?"]
[White "Smeckert, Dennis"]
[Black "Stark, Jay"]
[Result "1/2-1/2"]
[WhiteElo "1605"]
[BlackElo "1605"]
[PlyCount "48"]
[EventDate "1997.??.??"]

{7/(16)} 1. e4 c5 2. Nc3 e6 3. g3 d6 4. Bg2 Nf6 5. d3 Be7 6. Nge2 a6 7. h3 Qc7
8. g4 Nc6 9. O-O h6 10. Ng3 Bd7 11. f4 O-O-O 12. Be3 b6 13. Qe2 Kb7 14. a3 Ka7
15. b4 Nd4 16. Qf2 Nc6 17. b5 Na5 18. bxa6 Kxa6 19. Rfb1 Rb8 20. a4 Bc6 21. Bf1
d5 22. d4+ c4 23. e5 Nd7 24. f5 Rbf8 1/2-1/2

[Event "Lansing (MOR/2/39)"]
[Site "?"]
[Date "1997.??.??"]
[Round "?"]
[White "Smeckert, Dennis"]
[Black "Stark, A."]
[Result "1-0"]
[WhiteElo "1605"]
[BlackElo "1605"]
[PlyCount "35"]
[EventDate "1997.??.??"]

{2/(39)} 1. e4 e5 2. Nf3 Nc6 3. Bc4 Nf6 4. d3 Bb4+ 5. c3 Ba5 6. O-O O-O 7. Be3
d6 8. Nbd2 Bg4 9. Qb3 b6 10. Qc2 Ne7 11. b4 Bxb4 12. cxb4 c6 13. Rfc1 d5 14.
exd5 cxd5 15. Ba6 e4 16. Nd4 Rc8 17. Bxc8 Nxc8 18. dxe4 1-0

[Event "Lansing (MOR/4/42)"]
[Site "?"]
[Date "1997.??.??"]
[Round "?"]
[White "Smeckert, Dennis"]
[Black "Rogers, Ben"]
[Result "1-0"]
[WhiteElo "1605"]
[BlackElo "1605"]
[PlyCount "43"]
[EventDate "1997.??.??"]

{4/(42)} 1. e4 e5 2. Nf3 Nc6 3. Bc4 Nh6 4. d3 Bc5 5. O-O Na5 6. Bb3 O-O 7. Bxh6
gxh6 8. Qd2 b6 9. Qxh6 Nxb3 10. Ng5 Qxg5 11. Qxg5+ Kh8 12. axb3 f6 13. Qd2 d5
14. b4 Be7 15. exd5 Bb7 16. c4 e4 17. dxe4 Rad8 18. Rxa7 f5 19. Rxb7 Rg8 20.
Qd4+ Rg7 21. Rxc7 Bxb4 22. Qxg7# 1-0

[Event "Lansing (MOR/5/25)"]
[Site "?"]
[Date "1997.??.??"]
[Round "?"]
[White "Smeckert, Dennis"]
[Black "Imai, Toshio"]
[Result "1/2-1/2"]
[WhiteElo "1605"]
[BlackElo "1605"]
[PlyCount "46"]
[EventDate "1997.??.??"]

{5/(25)} 1. e4 e5 2. Nf3 Nc6 3. Bc4 Nf6 4. d3 Bc5 5. O-O d6 6. a3 Bg4 7. Be3
Bb6 8. Nbd2 Qd7 9. Bxb6 axb6 10. c3 O-O-O 11. b4 d5 12. exd5 Nxd5 13. Qb3 Nf4
14. b5 Bxf3 15. Nxf3 Na5 16. Qa2 Qg4 17. Ne1 Rd6 18. f3 Qh5 19. Qf2 Nxc4 20.
dxc4 Rhd8 21. Ra2 Rg6 22. Qe3 Qg5 23. Kh1 Rd1 1/2-1/2

[Event "Tecumseh (RVO/5/16)"]
[Site "?"]
[Date "1997.??.??"]
[Round "?"]
[White "Smeckert, Dennis"]
[Black "Bhagwat, Samuel"]
[Result "1-0"]
[WhiteElo "1605"]
[BlackElo "1605"]
[PlyCount "125"]
[EventDate "1997.??.??"]

{5/(16)} 1. e4 e5 2. Nf3 Nf6 3. Nxe5 d6 4. Nf3 Nxe4 5. d4 Nf6 6. Be3 Bf5 7. c3
d5 8. Be2 Nc6 9. O-O Bd6 10. Bb5 O-O 11. Bxc6 bxc6 12. Nbd2 Rb8 13. b4 Bd3 14.
Re1 Ne4 15. Nb3 Bc4 16. Qc2 Nxc3 17. Qxc3 Bxb4 18. Qc2 Bxe1 19. Rxe1 Re8 20.
Ne5 c5 21. Nc6 Qc8 22. Nxb8 Qxb8 23. Nxc5 Qd8 24. Qa4 c6 25. Rb1 a6 26. Qxc6
Bxa2 27. Rb7 Bc4 28. Qc7 Qxc7 29. Rxc7 Rb8 30. h3 g6 31. Ra7 Kg7 32. Kh2 Rb6
33. Nd7 Rd6 34. Ne5 Rf6 35. Nxc4 dxc4 36. Rc7 h5 37. Rxc4 a5 38. d5 Rd6 39. Rd4
a4 40. Bc1 Kf6 41. Ba3 Ke5 42. Rxa4 Rxd5 43. Bb2+ Ke6 44. Re4+ Kd7 45. Rd4 Rxd4
46. Bxd4 Ke6 47. Kg3 Kf5 48. Kf3 g5 49. g4+ hxg4+ 50. hxg4+ Kg6 51. Ke4 Kh7 52.
Kf5 Kg8 53. Kxg5 Kh7 54. Bc5 Kh8 55. Kf6 Kg8 56. g5 Kh7 57. Kxf7 Kh8 58. Bd4+
Kh7 59. g6+ Kh6 60. g7 Kh5 61. g8=Q Kh4 62. Kf6 Kh3 63. Qg3# 1-0

[Event "Michigan Team"]
[Site "Ann Arbor, MI"]
[Date "1997.??.??"]
[Round "2.24"]
[White "Smalec, Joseph"]
[Black "Sellers, Matt"]
[Result "0-1"]
[WhiteElo "1605"]
[BlackElo "1965"]
[PlyCount "72"]
[EventDate "1997.??.??"]

{2/2} 1. d4 Nf6 2. c4 c5 3. d5 e6 4. Nc3 exd5 5. cxd5 d6 6. e4 g6 7. Nf3 Bg7 8.
Bg5 h6 9. Bh4 g5 10. Bg3 Nh5 11. Be2 Nxg3 12. hxg3 Bg4 13. Qa4+ Nd7 14. Nb5 Qb8
15. Rb1 a6 16. Nc3 b5 17. Qc2 c4 18. Nd4 Bxd4 19. Bxg4 Ne5 20. Qd1 Nd3+ 21. Ke2
Bxf2 22. Rf1 Bxg3 23. Bh5 Nf4+ 24. Rxf4 Bxf4 25. Qd4 Be5 26. Qf2 Qc7 27. Qf5
Qe7 28. Rf1 O-O 29. Nd1 Rae8 30. Ne3 Bxb2 31. Bf3 Qf6 32. Qh3 Qg6 33. Nf5 Rxe4+
34. Ne3 Rxe3+ 35. Kxe3 Qd3+ 36. Kf2 Bd4+ 0-1

[Event "Lansing (MOR/5/43)"]
[Site "?"]
[Date "1997.??.??"]
[Round "?"]
[White "Smalec, Joseph"]
[Black "Moulter, Art"]
[Result "1/2-1/2"]
[WhiteElo "1605"]
[BlackElo "1605"]
[PlyCount "60"]
[EventDate "1997.??.??"]

{5/(43)} 1. d4 d5 2. c4 c6 3. Nc3 Nf6 4. Nf3 Bf5 5. Bf4 e6 6. e3 Bb4 7. Rc1 Ne4
8. Bd3 Nxc3 9. bxc3 Ba3 10. Rb1 b6 11. O-O dxc4 12. Bxf5 exf5 13. Qa4 Bd6 14.
Bxd6 Qxd6 15. Qxc4 O-O 16. Qd3 Qe6 17. Rfe1 Qe4 18. Qe2 Qd5 19. Qd3 Re8 20. c4
Qe4 21. Qa3 Nd7 22. Qd6 Red8 23. Ng5 Qg4 24. Qe7 Qh5 25. Nf3 f6 26. Qe6+ Kh8
27. Qxc6 Qf7 28. Rb5 Rdc8 29. Qd6 g6 30. Rd5 Rd8 1/2-1/2

[Event "Lansing (MOR/3/34)"]
[Site "?"]
[Date "1997.??.??"]
[Round "?"]
[White "Smalec, Joseph"]
[Black "King, Billy"]
[Result "0-1"]
[WhiteElo "1605"]
[BlackElo "1605"]
[PlyCount "54"]
[EventDate "1997.??.??"]

{3/(34)} 1. d4 Nf6 2. c4 g6 3. Nc3 d5 4. Bf4 c6 5. e3 Bg7 6. Nf3 O-O 7. Bd3 c5
8. b3 Qa5 9. Rc1 Bg4 10. O-O cxd4 11. exd4 e6 12. Nb5 Nbd7 13. Bd6 Rfc8 14. Rc2
a6 15. b4 Qd8 16. Na3 Ne4 17. Bf4 Qf6 18. Be5 Nxe5 19. dxe5 Qf4 20. Re1 Bxe5
21. g3 Qxf3 22. Be2 Qxf2+ 23. Kh1 Bxe2 24. Rcxe2 Qf3+ 25. Kg1 Qxa3 26. cxd5 Nc3
27. Qd3 Nxe2+ 0-1

[Event "Kalamazoo (MI Am/4/24)"]
[Site "?"]
[Date "1997.??.??"]
[Round "?"]
[White "Smalec, Joseph"]
[Black "Juntunen, Michael"]
[Result "0-1"]
[WhiteElo "1605"]
[BlackElo "1605"]
[PlyCount "68"]
[EventDate "1997.??.??"]

{4/(24)} 1. d4 d5 2. c4 c6 3. Nc3 Bf5 4. Bf4 e6 5. Nf3 Nd7 6. g3 Be7 7. cxd5
exd5 8. Bg2 Ngf6 9. O-O Nh5 10. Qd2 Nxf4 11. Qxf4 Bg6 12. e4 dxe4 13. Nxe4 O-O
14. Rad1 Nb6 15. Nc5 Rb8 16. Qe3 Nd5 17. Qb3 Qc7 18. Ne5 Bxc5 19. Bxd5 cxd5 20.
Qxd5 Bb6 21. Rc1 Qd8 22. Qb5 Bf5 23. g4 Be6 24. d5 Bxd5 25. Rfd1 Qg5 26. Qxd5
Rbd8 27. Qe4 Rxd1+ 28. Rxd1 Re8 29. Rd5 Qc1+ 30. Kg2 Qxb2 31. Qf5 f6 32. Nd7
Bxf2 33. Qh5 Be1+ 34. Kh3 Re3# 0-1

[Event "Tecumseh (RVO/3/15)"]
[Site "?"]
[Date "1997.??.??"]
[Round "?"]
[White "Smalec, Joseph"]
[Black "Frantz, John W"]
[Result "0-1"]
[WhiteElo "1605"]
[BlackElo "1605"]
[PlyCount "58"]
[EventDate "1997.??.??"]

{3/(15)} 1. d4 g6 2. Nc3 Bg7 3. e4 d6 4. Nf3 Bg4 5. Be2 Bxf3 6. Bxf3 Nf6 7. Bg5
Nbd7 8. O-O O-O 9. Re1 c5 10. e5 Ne8 11. exd6 cxd4 12. dxe7 Qa5 13. exf8=Q+
Kxf8 14. Be7+ Kg8 15. Nd5 Nb6 16. Nxb6 Qxb6 17. Ba3 Rd8 18. Re2 Nc7 19. c3 Bf6
20. Re4 dxc3 21. Qc2 Rd2 22. Qc1 cxb2 23. Bxb2 Rxb2 24. h3 Rb4 25. Qh6 Bxa1 26.
Rh4 Rb1+ 27. Kh2 Be5+ 28. g3 Qxf2+ 29. Bg2 Bxg3# 0-1

[Event "Lansing (MOR/1b/18)"]
[Site "?"]
[Date "1997.??.??"]
[Round "?"]
[White "Smalec, Joseph"]
[Black "Foord, Allan"]
[Result "1-0"]
[WhiteElo "1605"]
[BlackElo "1605"]
[PlyCount "33"]
[EventDate "1997.??.??"]

1. d4 Nf6 2. c4 g6 3. Nc3 d5 4. Bf4 Bg7 5. Nf3 O-O 6. e3 Bg4 7. cxd5 Nxd5 8.
Nxd5 Qxd5 9. Be2 c5 10. Be5 Nc6 11. Bxg7 Kxg7 12. O-O Rfd8 13. b3 cxd4 14. exd4
Nxd4 15. Nxd4 Qxd4 16. Bxg4 Qxg4 17. Qxg4 1-0

[Event "Michigan Team"]
[Site "Ann Arbor, MI"]
[Date "1997.??.??"]
[Round "3.24"]
[White "Smalec, Joseph"]
[Black "Chrzan, Bryan"]
[Result "0-1"]
[WhiteElo "1605"]
[BlackElo "1605"]
[PlyCount "106"]
[EventDate "1997.??.??"]

{3/2} 1. d4 Nc6 2. d5 Nb8 3. e4 d6 4. Nc3 Nf6 5. Nf3 c6 6. Bg5 e5 7. Be2 Be7 8.
O-O Bg4 9. Rc1 O-O 10. Nd2 Bxe2 11. Nxe2 cxd5 12. Bxf6 Bxf6 13. exd5 Qa5 14.
Nc3 Bg5 15. Nb3 Qd8 16. Rb1 Bf6 17. Ne4 Nd7 18. Nxd6 Nc5 19. Nxc5 Qxd6 20. Ne4
Qe7 21. d6 Qe6 22. Nc5 Qxa2 23. d7 b6 24. Ne4 Be7 25. b3 g6 26. Re1 f5 27. Nc3
Qa3 28. Rxe5 Qd6 29. Qd5+ Qxd5 30. Nxd5 Bg5 31. Rbe1 Kf7 32. f4 Bh6 33. Re7+
Kg8 34. Re8 Rd8 35. Nf6+ Kf7 36. Rxf8+ Bxf8 37. Nxh7 Rxd7 38. Ng5+ Kf6 39. Re6+
Kg7 40. Re8 Be7 41. c4 Kh6 42. Rh8+ Kg7 43. Rh4 Bxg5 44. fxg5 Rd3 45. b4 Rb3
46. c5 bxc5 47. bxc5 Rc3 48. Ra4 a6 49. Rxa6 Rxc5 50. Rf6 Rc4 51. g3 Rg4 52.
Kf2 Rxg5 53. Kf3 Kxf6 0-1

[Event "Kalamazoo (MI Am/2/23)"]
[Site "?"]
[Date "1997.??.??"]
[Round "?"]
[White "Smalec, Joseph"]
[Black "Carpenter, George"]
[Result "1-0"]
[WhiteElo "1605"]
[BlackElo "1605"]
[PlyCount "49"]
[EventDate "1997.??.??"]

{2/(23)} 1. d4 Nf6 2. c4 d5 3. Nc3 e6 4. Bf4 Be7 5. Nb5 Bb4+ 6. Bd2 Bxd2+ 7.
Qxd2 dxc4 8. Qf4 Nd5 9. Qg3 O-O 10. e4 c6 11. Nc3 Nxc3 12. bxc3 b5 13. Nf3 Nd7
14. Be2 c5 15. O-O Bb7 16. e5 Bd5 17. Rab1 Rb8 18. Rfe1 a5 19. Nd2 cxd4 20.
cxd4 c3 21. Nf3 b4 22. Bd3 a4 23. Qh3 f6 24. Qxh7+ Kf7 25. Bg6+ 1-0

[Event "Tecumseh (RVO/1/8)"]
[Site "?"]
[Date "1997.??.??"]
[Round "?"]
[White "Smalec, Joseph"]
[Black "Anderson, J."]
[Result "0-1"]
[WhiteElo "1605"]
[BlackElo "1875"]
[PlyCount "74"]
[EventDate "1997.??.??"]

{1/(8)} 1. d4 Nf6 2. Nc3 d5 3. Nf3 Nc6 4. Bf4 a6 5. e3 Bg4 6. Be2 e6 7. O-O Bb4
8. Qd3 Bf5 9. Qd2 O-O 10. Bg5 h6 11. Bh4 g5 12. Nxg5 hxg5 13. Bxg5 Ne4 14. Bxd8
Nxd2 15. Rfd1 Raxd8 16. Rxd2 Kg7 17. a3 Bd6 18. Re1 Rh8 19. g3 Rh6 20. Bf3 Na5
21. e4 dxe4 22. Bxe4 Bxe4 23. Rxe4 Nc4 24. Rde2 Nxb2 25. a4 c6 26. Nb1 Nc4 27.
Nd2 Nxd2 28. Rxd2 Rh5 29. c4 Ra5 30. c5 Bxc5 31. Re5 Bb4 32. Rxa5 Bxa5 33. Rb2
b5 34. axb5 axb5 35. Ra2 Bc3 36. Ra6 Rc8 37. Ra3 Bxd4 0-1

[Event "Lansing (MI Op/4/19)"]
[Site "?"]
[Date "1997.??.??"]
[Round "?"]
[White "Skidmore, Mike"]
[Black "Zubatch, Steve"]
[Result "1-0"]
[WhiteElo "1950"]
[BlackElo "1865"]
[PlyCount "55"]
[EventDate "1997.??.??"]

{4/(19)} 1. e4 g6 2. Nf3 d6 3. Bc4 Bg7 4. c3 Nf6 5. d3 O-O 6. O-O c5 7. Ng5 Nc6
8. f4 e6 9. Bb3 b5 10. Nd2 a6 11. a3 Qc7 12. Qe2 Qb8 13. Ndf3 h6 14. Nh3 a5 15.
Nh4 Ne7 16. f5 exf5 17. exf5 Nxf5 18. Nxf5 Bxf5 19. Nf4 Re8 20. Qf3 Qa7 21. Kh1
Re5 22. d4 Be4 23. dxe5 Bxf3 24. exf6 Bxg2+ 25. Nxg2 c4 26. Be3 Qb7 27. fxg7
cxb3 28. Bd4 1-0

[Event "Lansing (MI Op/7/16)"]
[Site "?"]
[Date "1997.??.??"]
[Round "?"]
[White "Skidmore, Mike"]
[Black "Solon, Nathan"]
[Result "0-1"]
[WhiteElo "1950"]
[BlackElo "1870"]
[PlyCount "74"]
[EventDate "1997.??.??"]

{7/(16)} 1. e4 c5 2. Nf3 d6 3. Bb5+ Nd7 4. O-O Ngf6 5. Re1 a6 6. Bxd7+ Nxd7 7.
d3 e6 8. b3 Be7 9. Bb2 O-O 10. Nc3 b5 11. Ne2 Bb7 12. Ng3 Nf6 13. h3 Rc8 14.
Nh2 Re8 15. Ng4 e5 16. Nf5 Bf8 17. Bc1 Nxg4 18. Qxg4 Kh8 19. Re3 g6 20. Nh4 Bh6
21. Rf3 Bxc1 22. Rxf7 Bg5 23. Nf3 Be7 24. h4 Rf8 25. Ng5 Bxg5 26. Rxb7 Bh6 27.
Rd7 Qf6 28. Rf1 Rcd8 29. Ra7 Ra8 30. Rc7 Rf7 31. Rc8+ Rxc8 32. Qxc8+ Kg7 33. g3
Be3 34. Kg2 Qf3+ 35. Kh3 Bxf2 36. Qg4 Qxg4+ 37. Kxg4 Bd4 0-1

[Event "Kalamazoo (MI Am/1/3)"]
[Site "?"]
[Date "1997.??.??"]
[Round "?"]
[White "Skidmore, Mike"]
[Black "Ryskamp, John"]
[Result "1-0"]
[WhiteElo "1950"]
[BlackElo "1605"]
[PlyCount "57"]
[EventDate "1997.??.??"]

{1/(3)} 1. e4 e6 2. Nf3 c5 3. c3 d5 4. Bb5+ Bd7 5. Bxd7+ Nxd7 6. exd5 exd5 7.
O-O Qc7 8. d4 O-O-O 9. dxc5 Nxc5 10. Be3 Kb8 11. Na3 Be7 12. b4 Ne4 13. Bxa7+
Kc8 14. Nb5 Qc4 15. Qa4 Bf6 16. Bb6 Ne7 17. Qa8+ Kd7 18. Qxb7+ Ke8 19. Bxd8
Kxd8 20. Qb6+ Kd7 21. Rac1 Rc8 22. a4 Nc6 23. Qb7+ Kd8 24. Qxf7 Nxb4 25. Qf8+
Kd7 26. Qxb4 Qd3 27. Rcd1 Bxc3 28. Nxc3 Qxc3 29. Qxe4 1-0

[Event "Lansing (MI Op/5/17)"]
[Site "?"]
[Date "1997.??.??"]
[Round "?"]
[White "Skidmore, Mike"]
[Black "Marshall, Larry"]
[Result "1-0"]
[WhiteElo "1950"]
[BlackElo "1855"]
[PlyCount "79"]
[EventDate "1997.??.??"]

{5/(17)} 1. e4 e6 2. Nf3 d5 3. exd5 exd5 4. d4 Nc6 5. Bd3 Bg4 6. c3 Bd6 7. h3
Bh5 8. O-O Nge7 9. Re1 Qd7 10. b4 O-O-O 11. Na3 Kb8 12. Nb5 f6 13. Nxd6 Qxd6
14. a4 g5 15. Ba3 Qf4 16. b5 Nxd4 17. cxd4 Ng6 18. Bc1 Bxf3 19. Qxf3 Qxd4 20.
Be3 Qh4 21. Bxg6 g4 22. Qxg4 Qxg4 23. hxg4 hxg6 24. Bd4 Rhf8 25. Re6 Rde8 26.
Rae1 Rxe6 27. Rxe6 Kc8 28. f4 Kd7 29. Rxf6 Rxf6 30. Bxf6 c6 31. bxc6+ bxc6 32.
Bd4 a6 33. Bc5 Ke6 34. Kf2 d4 35. Bxd4 Kd5 36. f5 gxf5 37. g5 Ke6 38. g6 c5 39.
Bc3 Ke7 40. Kf3 1-0

[Event "Kalamazoo (MI Am/3/8)"]
[Site "?"]
[Date "1997.??.??"]
[Round "?"]
[White "Skidmore, Mike"]
[Black "Dimond, A."]
[Result "1-0"]
[WhiteElo "1950"]
[BlackElo "1605"]
[PlyCount "63"]
[EventDate "1997.??.??"]

{3/(8)} 1. e4 c5 2. Nf3 d6 3. Bb5+ Bd7 4. Bxd7+ Qxd7 5. O-O Nf6 6. e5 Nd5 7.
Re1 e6 8. c4 Nb6 9. b3 d5 10. cxd5 Nxd5 11. Bb2 Nc6 12. d4 Be7 13. Nbd2 g5 14.
Ne4 g4 15. Nfg5 h6 16. Nxf7 Kxf7 17. Qxg4 cxd4 18. Qh5+ Kf8 19. Bc1 Kg7 20.
Qg4+ Kh7 21. Nf6+ Bxf6 22. exf6 Nxf6 23. Qh3 Qg7 24. Qd3+ Qg6 25. Qb5 Nd8 26.
Bb2 Rg8 27. g3 a6 28. Qb4 Qg4 29. Bxd4 Nd5 30. Qd2 Nf4 31. Qc2+ Ng6 32. Qc7+
1-0

[Event "Lansing (MI Op/2/24)"]
[Site "?"]
[Date "1997.??.??"]
[Round "?"]
[White "Skidmore, Mike"]
[Black "Burke, J."]
[Result "1-0"]
[WhiteElo "1950"]
[BlackElo "1800"]
[PlyCount "77"]
[EventDate "1997.??.??"]

{2/(24)} 1. e4 c5 2. Nf3 Nc6 3. Bb5 g6 4. O-O Bg7 5. c3 Nf6 6. d3 O-O 7. Ng5 a6
8. Ba4 b5 9. Bc2 d5 10. exd5 Nxd5 11. Ne4 Qb6 12. Bb3 Nf6 13. Nbd2 Bb7 14.
Nxf6+ Bxf6 15. Ne4 Bg7 16. Be3 Qc7 17. Nxc5 Na5 18. d4 Nxb3 19. Qxb3 Rfd8 20.
Nxb7 Qxb7 21. Rfd1 e6 22. c4 Rab8 23. c5 Qc6 24. Rac1 Rd5 25. a4 b4 26. a5 Rb5
27. Qa4 f5 28. Rc4 e5 29. Rxb4 f4 30. Rxb5 axb5 31. Qb3 fxe3 32. fxe3 Kh8 33.
a6 exd4 34. a7 Rd8 35. Qa3 d3 36. Rxd3 Rxd3 37. Qxd3 Qa8 38. Qd7 Qe4 39. Qd8+
1-0

[Event "Lansing (MOR/4/41)"]
[Site "?"]
[Date "1997.??.??"]
[Round "?"]
[White "Sinke, Brian"]
[Black "Van Den Abell, Tom"]
[Result "1/2-1/2"]
[WhiteElo "1605"]
[BlackElo "1605"]
[PlyCount "81"]
[EventDate "1997.??.??"]

{4/(41)} 1. e4 e6 2. d4 d5 3. e5 c5 4. c3 Nc6 5. Nf3 b6 6. g3 Nge7 7. Bd3 c4 8.
Bc2 Bb7 9. Bf4 Nc8 10. Qe2 Be7 11. h4 f6 12. Nbd2 b5 13. Qe3 Nb6 14. g4 b4 15.
g5 f5 16. h5 Qc8 17. g6 h6 18. Rg1 Qd8 19. Bxf5 exf5 20. e6 Bc8 21. Ne5 Nxe5
22. Bxe5 Bg5 23. f4 Bh4+ 24. Ke2 Bf6 25. Nf3 Bxe6 26. Bc7 Qd7 27. Bxb6 axb6 28.
Ne5 Bxe5 29. Qxe5 Rg8 30. Kf3 Qe7 31. Rge1 Kd7 32. Re3 Qd6 33. cxb4 Qxe5 34.
fxe5 Rgf8 35. Kf4 Kc6 36. a4 Kb7 37. b3 Rfc8 38. a5 b5 39. Rc3 cxb3 40. Rc5
Rxc5 41. dxc5 1/2-1/2

[Event "Lansing (MOR/7/29)"]
[Site "?"]
[Date "1997.??.??"]
[Round "?"]
[White "Sinke, Brian"]
[Black "Mudri, Mark"]
[Result "1-0"]
[WhiteElo "1605"]
[BlackElo "1605"]
[PlyCount "27"]
[EventDate "1997.??.??"]

{7/(29)} 1. e4 c6 2. d3 d5 3. Nd2 dxe4 4. dxe4 Nd7 5. Ngf3 g6 6. g3 Bg7 7. Bg2
e6 8. Nc4 Ne7 9. Nd6+ Kf8 10. Ng5 Qa5+ 11. Bd2 Qb6 12. Qf3 Nf6 13. e5 Qxb2 14.
Bc3 1-0

[Event "Lansing (MOR/2/20)"]
[Site "?"]
[Date "1997.??.??"]
[Round "?"]
[White "Sinke, Brian"]
[Black "McCarter, Robert"]
[Result "0-1"]
[WhiteElo "1605"]
[BlackElo "1615"]
[PlyCount "84"]
[EventDate "1997.??.??"]

{2/(20)} 1. e4 c5 2. Nf3 d6 3. d3 Nc6 4. c3 g6 5. Bf4 Bg7 6. Nbd2 Rb8 7. a4 e6
8. Nc4 e5 9. Bc1 Nge7 10. Ne3 d5 11. Bd2 d4 12. Nc4 O-O 13. Qb3 Qc7 14. g3 h6
15. h4 Be6 16. Qc2 a6 17. a5 Bxc4 18. dxc4 Rbd8 19. Bd3 Qd6 20. O-O-O Qe6 21.
h5 gxh5 22. Nh4 Rfe8 23. Nf5 Nxf5 24. exf5 Qe7 25. Rxh5 dxc3 26. bxc3 Qf6 27.
Rdh1 Rd6 28. g4 Qd8 29. Be4 Qxa5 30. Bxh6 Qa1+ 31. Qb1 Qxc3+ 32. Bc2 Bxh6+ 33.
Rxh6 Rxh6 34. Rxh6 Qe1+ 35. Kb2 Qb4+ 36. Kc1 Qxc4 37. Qxb7 Nb4 38. Qe4 Qf1+ 39.
Kb2 Nxc2 40. Qxc2 Rb8+ 41. Kc3 Qa1+ 42. Kd2 Rb2 0-1

[Event "Lansing (MOR/5/35)"]
[Site "?"]
[Date "1997.??.??"]
[Round "?"]
[White "Sinke, Brian"]
[Black "Masek, Adam"]
[Result "1-0"]
[WhiteElo "1605"]
[BlackElo "1605"]
[PlyCount "39"]
[EventDate "1997.??.??"]

{5/(35)} 1. e4 c6 2. d3 d5 3. Nd2 e5 4. Ngf3 Bd6 5. g3 Nf6 6. Bg2 Be6 7. O-O
Qd7 8. Ng5 h6 9. Nxe6 Qxe6 10. Re1 d4 11. a4 c5 12. Nc4 Nc6 13. f4 g6 14. h3
O-O-O 15. Qf3 Ne7 16. Rf1 Bc7 17. fxe5 Bxe5 18. Nxe5 Qxe5 19. Qxf6 Qxg3 20. Bf4
1-0

[Event "Kalamazoo (MI Am/5/25)"]
[Site "?"]
[Date "1997.??.??"]
[Round "?"]
[White "Silveri, Marco"]
[Black "Valdivia, Alex"]
[Result "0-1"]
[WhiteElo "1605"]
[BlackElo "1605"]
[PlyCount "84"]
[EventDate "1997.??.??"]

{5/(25)} 1. c4 Nf6 2. Nf3 c6 3. g3 d5 4. cxd5 cxd5 5. Bg2 Nc6 6. O-O e6 7. d3
Bd6 8. Nc3 a6 9. a3 O-O 10. b4 b5 11. Bb2 Bb7 12. Rc1 Qb6 13. e3 a5 14. bxa5
Rxa5 15. Ra1 Rfa8 16. Qb3 b4 17. axb4 Bxb4 18. Nd2 Bc5 19. Qxb6 Bxb6 20. Nf3
Nb4 21. Rfd1 Rxa1 22. Bxa1 Nxd3 23. Nb5 Ba6 24. Bxf6 Bxb5 25. Rb1 gxf6 26. Rxb5
Bc7 27. Nd4 Ra2 28. e4 Ra1+ 29. Bf1 dxe4 30. Rb3 Bd6 31. Rc3 Bc5 32. Nc2 Bxf2+
33. Kg2 Be1 34. Rc8+ Kg7 35. Nxa1 Ne5 36. Nc2 Bd2 37. Na3 f5 38. Nc4 Bc3 39.
Nxe5 Bxe5 40. Bb5 f4 41. Rc5 f3+ 42. Kf2 Bd4+ 0-1

[Event "Kalamazoo (MI Am/3/30)"]
[Site "?"]
[Date "1997.??.??"]
[Round "?"]
[White "Silveri, Marco"]
[Black "Kuczek, Kevin"]
[Result "1-0"]
[WhiteElo "1605"]
[BlackElo "1605"]
[PlyCount "45"]
[EventDate "1997.??.??"]

{3/(30)} 1. c4 e5 2. g3 Nf6 3. Bg2 Nc6 4. d3 Bc5 5. Nf3 d6 6. O-O h6 7. a3 a6
8. Nc3 Be6 9. e3 O-O 10. Re1 Re8 11. d4 e4 12. Nd2 Bg4 13. Qc2 Nxd4 14. exd4
Bxd4 15. Ndxe4 Nxe4 16. Rxe4 Rxe4 17. Bxe4 c6 18. Bf4 Qd7 19. Qd2 c5 20. Ne2
Bxe2 21. Qxe2 Qe8 22. Re1 f5 23. Bd5+ 1-0